Cội nguồn Tiếng Việt : Phương thức cơ bản tạo từ /

Spremljeno u:
Bibliografski detalji
Glavni autor: Nguyễn Đại Bằng
Format: Knjiga
Jezik:Vietnamese
Izdano: Hà Nội : VHTT, 2006.
Teme:
Oznake: Dodaj oznaku
Bez oznaka, Budi prvi tko označuje ovaj zapis!
Thư viện lưu trữ: Mạng thư viện Đại học Đà Nẵng
LEADER 00992nam a22003011a 4500
001 000039096
003 15391
005 20240907150928.0
008 160412s2006 000
020 |c 13000 
040 |a lnn 
041 1 |a vie 
082 1 4 |a 495.9271  |b NG-B 
100 1 |a Nguyễn Đại Bằng 
245 1 0 |a Cội nguồn Tiếng Việt :  |b Phương thức cơ bản tạo từ /  |c Nguyễn Đại Bằng. 
260 |a Hà Nội :  |b VHTT,  |c 2006. 
300 |a 123 tr. ;  |c 19 cm. 
630 0 4 |a Cội nguồn Tiếng Việt 
650 0 4 |a Tiếng Việt 
OWN |a LNN 
902 0 4 |a Tham khảo TV 
AVA |a UDN50  |b LNN  |d 495.9271NG-B  |e available  |t Error 5001 Not defined in file expand_doc_bib_avail.  |f 3  |g 0  |h N  |i 0 
999 |a From the UDN01 
AVA |a UDN50  |b LNN  |d 495.9271NG-B  |e available  |t Error 5001 Not defined in file expand_doc_bib_avail.  |f 3  |g 0  |h N  |i 0 
TYP |a Monograph 
980 |a Mạng thư viện Đại học Đà Nẵng